| 000 | 00799nam a2200253 a 4500 | ||
|---|---|---|---|
| 001 | 57213 | ||
| 003 | BD-RjUL | ||
| 005 | 20211209080500.0 | ||
| 008 | 071216s1982 caua b 000 0 eng | ||
| 020 | _a0534010784 | ||
| 035 | _a(BD-RjUL) 57337 | ||
| 040 |
_aDLC _cDLC _dDLC _dBD-RjUL _beng |
||
| 041 | _aeng | ||
| 082 | 0 | 0 |
_a301 _223 _bSOC 1982 |
| 245 | 0 | 0 |
_aSociological footprints : _bintroductory readings in sociology / _c[compiled by] Leonard Cargan and Jeanne H. Ballantine. |
| 250 | _a2nd ed. | ||
| 260 |
_aBelmont, Calif. : _bWadsworth Pub. Co., _cc1982. |
||
| 300 |
_axi, 356 p. : _bill. ; _c24 cm. |
||
| 504 | _aIncludes bibliographical references. | ||
| 650 | 0 |
_aSociology. _9169918 |
|
| 700 | 1 |
_aCargan, Leonard. _9169919 |
|
| 700 | 1 |
_aBallantine, Jeanne H. _9169920 |
|
| 942 |
_2ddc _cBK |
||
| 999 |
_c57213 _d57213 |
||